000
00305nam a22001457a 4500
008
180814b xxu||||| |||| 00| 0 eng d
020
_a
9781884585685
041
_a
eng
080
_a
004
082
_a
004
100
_a
28
101
_a
SHK
245
_a
How to use SPSS
_c
Cronk. B.C
942
_2
udc
_c
BK
999
_c
47156
_d
47156